Statistics for Largest Cities in New York

Click here to take the quiz!

General Stats

  • This quiz has been taken 30 times
  • The average score is 5 of 8

Answer Stats

Population Answer % Correct
8,175,133New York City
100%
261,310Buffalo
92%
97,856Albany
92%
210,565Rochester
84%
195,976Syracuse
84%
62,235Utica
40%
66,135Schenectady
28%
50,193Niagra Falls
4%

Score Distribution

Percentile by Number Answered

Percent of People with Each Score

Your Score History

You have not taken this quiz